LEADER 01839oam 2200481Ia 450 001 9910696895003321 005 20080724092255.0 035 $a(CKB)5470000002381927 035 $a(OCoLC)228428895 035 $a(EXLCZ)995470000002381927 100 $a20080521d2008 ua 0 101 0 $aeng 135 $aurmn||||||||| 181 $ctxt$2rdacontent 182 $cc$2rdamedia 183 $acr$2rdacarrier 200 14$aThe U.S. organic handling sector in 2004$b[electronic resource]$ebaseline findings for the nationwide survey of organic manufacturers, processors, and distributors /$fCarolyn Dimitri and Lydia Oberholtzer 210 1$a[Washington, DC] :$cU.S. Dept. of Agriculture, Economic Research Service, [Resource Economics Division],$d[2008] 215 $a29 pages $cdigital, PDF file 225 1 $aEconomic information bulletin ;$vno. 36 300 $aTitle from title screen (viewed May 19, 2008). 300 $a"May 2008." 320 $aIncludes bibliographical references (page 29). 517 $aU.S. organic handling sector in 2004 606 $aOrganic farming$zUnited States$vStatistics 606 $aOrganic farming$xGovernment policy$zUnited States 606 $aFood industry and trade$zUnited States 606 $aNatural foods$zUnited States 608 $aStatistics.$2lcgft 615 0$aOrganic farming 615 0$aOrganic farming$xGovernment policy 615 0$aFood industry and trade 615 0$aNatural foods 700 $aDimitri$b Carolyn$01383604 701 $aOberholtzer$b Lydia$01418473 712 02$aUnited States.$bDepartment of Agriculture.$bEconomic Research Service. 801 0$bGAO 801 1$bGAO 801 2$bGPO 906 $aBOOK 912 $a9910696895003321 996 $aThe U.S. organic handling sector in 2004$93530039 997 $aUNINA